| 000 | 00511nam a2200145 a 4500 | ||
|---|---|---|---|
| 001 | 000039488 | ||
| 005 | 20201002031656.0 | ||
| 008 | 130703s19uu dr ac 000 0 spa d | ||
| 040 |
_aDO-SdBNP _bspa _cBNPHU |
||
| 100 | 1 |
_aNina De la Rosa, Emiliano _965672 |
|
| 245 | 1 | 0 |
_aRío arriba : _bmemorias de un triunfador / _cEmiliano Nina de la Rosa. |
| 260 |
_a[Santo Domingo] : _bProyecto Gráfico, _c[19-?]. |
||
| 300 |
_a219 p. : _bils., retrs. ; _c22 cm. |
||
| 500 | _aIncluye datos biográficos del autor en las solapas | ||
| 999 |
_c38978 _d38978 |
||